|
|
|
|
| LEADER |
00000nab a2200000 a 4500 |
| 001 |
vtls010185058 |
| 003 |
SK-MaSNL |
| 005 |
20260309141346.0 |
| 008 |
250507 2010 xo 000 0 slo |
| 015 |
|
|
|a SNBRB2010/11
|2 lmaosk
|
| 035 |
|
|
|a (uuid)b3c0dad5-6a2a-405e-912a-c14f1a382163
|
| 035 |
|
|
|a urn:nbn:sk:snk-abac1f
|
| 035 |
|
|
|a (urnnbn)urn:nbn:sk:snk:ar-a0ak68
|
| 038 |
|
|
|a LMAOSK
|
| 040 |
|
|
|a SNKBUCL
|b slo
|c SNKBUCL
|e AACR2
|
| 041 |
0 |
|
|a eng
|
| 044 |
|
|
|a xo
|c SK
|
| 080 |
|
|
|a 656.1
|2 2001
|
| 100 |
1 |
|
|a Čorňák, Štefan,
|4 aut
|9 606601
|
| 245 |
1 |
4 |
|a The Evaluation of Interior Car´s Air Quality and Safety of Traffic
|c Štefan Čorňák, Pavel Braun
|
| 300 |
|
|
|b Obr., tab., grafy
|
| 504 |
|
|
|a Bibliogr. odkazy
|
| 546 |
|
|
|a Res. angl.
|
| 650 |
0 |
7 |
|a bezpečnosť cestnej premávky
|2 lmaosk
|9 69807
|
| 650 |
0 |
7 |
|a kryptoklíma
|2 lmaosk
|9 16940
|
| 650 |
0 |
7 |
|a kvalita ovzdušia
|x mikroklíma vodiča
|2 lmaosk
|9 1487047
|
| 700 |
1 |
|
|a Braun, Pavel
|4 aut
|9 822255
|
| 773 |
0 |
|
|t Science & Military
|g Roč. 5, č. 1 (2010), s. 36 - 39
|x 1336-8885
|
| 850 |
|
|
|a Slovenská národná knižnica
|
| 852 |
|
|
|a Slovenská národná knižnica
|
| 856 |
|
|
|u http://www.aos.sk/casopisy/science/dokumenty/archiv/2010_1/cl7.pdf
|
| 958 |
|
|
|a article14
|
| 958 |
|
|
|a NB
|
| 958 |
|
|
|a OND
|
| 958 |
|
|
|a EUIPO
|
| 999 |
|
|
|c 3361925
|d 3363855
|